Loading...

Liquid crystals

Bibliografiske detaljer
Hovedforfatter: Chandrasekhar, S, Ed
Format: Printed Book
Udgivet: Cambridge University Press, Cambridge 1992
Udgivelse:2
Fag:
LEADER 00511nam a2200193 4500
020 |a 9780521427418 
082 |a 548.9 CHA-L2 
100 |a Chandrasekhar, S, Ed. 
245 |a Liquid crystals 
250 |a 2 
260 |a Cambridge University Press, Cambridge  |c 1992 
300 |a 460 
490
500
590 |a rvr 
650 |a Liquid crystals 
942 |c BK 
999 |c 82462  |d 82462 
952 |0 0  |1 0  |4 0  |6 548_900000000000000_CHAL2  |7 0  |9 95930  |a PHY  |b PHY  |l 0  |o 548.9 CHA-L2  |p PHY04122  |r 2019-09-24  |w 2019-09-24  |y BK